MARC

LEADER 00000nam0a2200000 4500
001 57010
005 20231101211634.0
010 |a 5902150027 
035 |a (RuTPU)RU\TPU\book\59974 
090 |a 57010 
100 |a 20031020d2003 km y0rusy50 ca 
101 0 |a rus 
102 |a RU 
105 |a a z 001zy 
200 1 |a Основы гендерологии. Философия, стратегия и тактика управления персоналом  |f Э. А. Понуждаев  |g Институт международных экономических связей 
210 |a Москва  |c 3D TYPE  |d 2003 
215 |a 279 с.  |c ил. 
320 |a Глоссарий: с. 268-272. 
606 1 |a Социология труда  |2 stltpush  |3 (RuTPU)RU\TPU\subj\37947  |9 58700 
610 1 |a социология 
610 1 |a гендер 
610 1 |a гендерная социализация 
610 1 |a гендерные исследования 
610 1 |a гендерология 
610 1 |a гендерные конфликты 
610 1 |a гендерное управление 
610 1 |a пол 
610 1 |a мужчины 
610 1 |a женщины 
610 1 |a труд 
610 1 |a персонал 
610 1 |a управление 
686 |a С55.44  |v LBC/SL-A  |2 rubbk 
686 |a С55.53  |v LBC/SL-A  |2 rubbk 
700 1 |a Понуждаев  |b Э. А.  |g Эдуард Александрович 
712 0 2 |a Институт международных экономических связей  |2 stltpush  |3 (RuTPU)RU\TPU\col\3861 
801 1 |a RU  |b 63413507  |c 20031020  |g PSBO 
801 2 |a RU  |b 63413507  |c 20140528  |g PSBO 
942 |c BK